Statystyki dla Najczęściej oglądane piosenki na YouTube

Kliknij tutaj aby rozwiązać quiz!

Ogólne statystyki

  • Ten quiz został rozwiązany 4 razy
  • Średni wynik to 13 z 31

Statystyki odpowiedzi

Nazwa piosenkiArtysta% Poprawnych
FadedAlan Walker
100%
Counting StarsOneRepublic
100%
Waka Waka (This Time for Africa) / ChantajeShakira
100%
Blank Space / Shake it OffTaylor Swift
100%
The Lazy SongBruno Mars
67%
New RulesDua Lipa
67%
Thinking Out Loud / Shape of You / PerfectEd Sheeran
67%
BelieverImagine Dragons
67%
Sorry / BabyJustin Bieber
67%
Roar / Dark HorseKaty Perry
67%
DespacitoLuis Fonsi
67%
Sugar / Girls Like YouMaroon 5
67%
Gangnam StylePsy
67%
HelloAdele
33%
We Don't Talk AnymoreCharlie Puth
33%
RockabyeClean Bandit
33%
Love the Way You LieEminem
33%
All About That BassMeghan Trainor
33%
Let Her GoPassenger
33%
CloserThe Chainsmokers
33%
Stressed OutTwenty One Pilots
33%
See You AgainWiz Khalifa
33%
This is What You Came ForCalvin Harris
0%
Con CalmaDaddy Yankee
0%
Mi Gente
J Balvin /
Willy William
0%
BailandoEnrique Iglesias
0%
Work From HomeFifth Harmony
0%
Lean OnMajor Lazer /
DJ Snake
0%
Uptown FunkMark Ronson
0%
CalmaPedro Capó
0%
ChandelierSia
0%

Rozkład punktacji

Percentyl według liczby udzielonych odpowiedzi

Procent ludzi z każdym wynikiem

Twoja historia wyników

Nie rozwiązałeś tego quizu